Taylor Swift - Devine les chansons par le refrain #12 - Statistiques

Statistiques générales
  • Ce quiz a été pris 143 fois
  • Le résultat moyen est 10 sur 16
Statistiques - réponses
Hint Réponse % Correct
Big reputation, big reputationOoh, you and me, we got big reputations, ah And you heard about me, ooh I got some big enemies (Hey) Big reputation, big reputation (Big reputation, yeah) Ooh, you and me would be a big conversation, ah And I heard about you, ooh You like the bad ones too End Game
93%
So when I touch downCall the amateurs and cut 'em from the team Ditch the clowns, get the crown Baby, I'm the one to beat 'Cause the sign on your heart Said it's still reserved for me Honestly, who are we to fight ***? The Alchemy
84%
What if he's written "mine" on my upper thigh only in my mind?One slip and fallin' back into the hedge maze Oh, what a way to die I keep recalling things we never did Messy top-lip kiss, how I long for our trysts Without ever touchin' his skin How can I be ***? Guilty as Sin?
83%
But if I’m all dressed upThey might as well be lookin' at us And if they call me a *** You know it might be worth it for once And if I'm gonna be drunk I might as well be drunk in love « Slut! »
82%
Hey, it's all me, in my headI'm the one who burned us down But it's not what I meant Sorry that I hurt you I don't wanna do, I don’t wanna do this to you (Ooh) I don’t wanna lose, I don't wanna lose this with you (Ooh) I need to say, hey, it’s all me, just don't go Meet me in the *** Afterglow
79%
Baby, *** we won't be foundAnd they'll be chasing their tails tryin' to track us down 'Cause I, *** we can hide ***, *** I Know Places
76%
Sometimes, in the middle of the night, I can feel you againBut I just miss you and I just wish you were a *** I know why we had to say goodbye like the back of my hand But I just miss you and I just wish you were a *** A *** Better Man
61%
Oh, darling, don't you ***Don't you ***, just stay this little Oh, darling, don't you *** Don't you ***, it could stay this simple I won't let nobody hurt you Won't let no one break your heart And no one will desert you Just try to *** Never Grow Up
61%
This is *** I'm askin' you thisPut my name at the top of your list This is *** I'm askin' you why You break my heart in the blink of an eye, eye, eye The Last Time
61%
But I'm a fire and I'll keep your brittle heart warmIf your cascade, ocean wave blues come All these people think love's for show But I would die for you in secret The devil's in the details, but you got a friend in me Would it be enough if I could never give you ***? peace
58%
Oh, goddamnMy pain fits in the palm of your freezing hand Taking mine, but it's been promised to another Oh, I can't Stop you putting roots in my dreamland My house of stone, your *** grows And now I'm covered in you Ivy
55%
And I can't *** without you, but I have to*** without you, but I have to Breathe
49%
*** Stop checkin' your mailbox for confessions of love That ain't never gonna come You will take the long way, you will take the long way down Foolish One
43%
*** Put on your records and regret me I bent the truth too far tonight I was dancing around, dancing around it *** Put on your headphones and burn my city Your picket fence is sharp as knives I was dancing around, dancing around it High Infidelity
42%
And I just wanna show youShe don't even know you She's never gonna love you like I want to And you just see right through me But if you only knew me We could be a beautiful miracle, unbelievable Instead of just *** Invisible
37%
I lived and I learnedHad you, got burned Held out and held on God knows, too long, and wasted time Lost tears, swore that I'd get out of here But no amount of freedom gets you clean I've still got *** You All Over Me
28%
Aucun quiz correspondant
Distribution des résultats
% des personnes avec chaque résultat
Percentile par nombre de réponses
Votre historique - résultats
Vous n’avez pas pris ce quiz